000 01656nam2a22002651 4500
001 RU\NLR\INFOCOMM\1000034302
005 20250617150313.0
035 _a(NLR Aleph) 002733305
090 _a1984739
_c1984739
100 _a20040128d1923 |||y0rusy50 ca
101 0 _arus
102 _aRU
105 _ay |||||||||
200 1 _aI. Измельчение древесины для производства дубильных экстрактов
_aII. Проектирование и расчет экстрактных заводов
_aIII. Об утилизации одубины экстрактных заводов
_aIV. Лабораторные исследования из области производства дубового и каштанового экстрактов в Киеве и в Майкопе
_fПавлович П.И.
210 _d1923
_aБ. м.
461 0 _1001RU\NLR\INFOCOMM\1000034301
_12001#$aНаучно-технический сборник Вестника Всероссийского кожевенного синдиката$hСерия 2$iДубильные материалы$vВып.1
_91984732
_aВсероссийский кожевенный синдикат
_cМ.
_d1923
_hСерия 2
_iДубильные материалы
_tНаучно-технический сборник Вестника Всероссийского кожевенного синдиката
_vВып.1
700 1 _aПавлович
_bП.И.
_4070
801 1 _aRU
_bInfoComm
_c20040128
801 0 _aRU
_bNLR
_gPSBO
852 _aNLR
_j3/37
852 _aNLR
_j18.390.2.34
942 _cISSUE
980 _aNB
980 _aRUSPER